000 00706nam a2200241Ia 4500
003 OSt
005 20220918192630.0
006 a|||||r|||| 00| 0
007 ta
008 220917b |||||||| |||| 00| 0 eng d
024 _a69,314
037 _cTextual
040 _aARTS
_cARTS
_beng
041 _2eng
_aeng
082 _aQ4:33w, 111M5
100 _aBeal Samuel tr
_979607
245 0 _aRomantic legend of Sakya Buddha
_b a translation of the Chines version of the Abhiniskramana sutra
260 _aDelhi
_bMotilal Banarsidass
_c1985
300 _axii,395p.
_ccm.
650 _aRELIGION
942 _hQ4:33w, 111M5
_cTEXL
_2CC
999 _c195470
_d195470